000 00794nam a2200253 a 4500
008
020 _a0471081868 (cased)
049 _aMAIN
090 _aQA274.7
_bETH
100 1 _aEthier, Stewart N.
245 1 0 _aMarkov processes :
_bcharacterization and convergence /
_cStewart N. Ethier and Thomas G. Kurtz.
260 _aNew York :
_bWiley,
_cc1986.
300 _ax, 534 p. ;
_c24 cm.
440 0 _aWiley series in probability and mathematical statistics.
504 _aIncludes bibliographical references.
500 _aIncludes index.
650 0 _aMarkov processes.
700 1 _aKurtz, Thomas G.
907 _a.b10042477
_b07-05-12
_c17-04-03
003
005 20230123133210.0
040 _cNUST
942 _cBOOKS
_kQA274.7
_mETH
999 _c144447
_d144447